[Event "Havana Province-ch U14"]
[Site "Havana"]
[Date "2010.04.07"]
[Round "13"]
[White "Brito Valdes, Santiago Jose"]
[Black "Falcon Naranjo, Carlos Alejandro"]
[Result "1-0"]
[WhiteElo "2018"]
[BlackElo "2006"]
[PlyCount "75"]
[EventDate "2010.03.21"]
[EventType "tourn"]
[EventRounds "13"]
[EventCountry "CUB"]
[EventCategory "1"]
[SourceTitle "EXT 2012"]
[Source "ChessBase"]
[SourceDate "2011.11.24"]
[SourceVersion "1"]
[SourceVersionDate "2011.11.24"]
[SourceQuality "1"]

1. e4 d5 2. exd5 Nf6 3. Nf3 Nxd5 4. d4 g6 5. Be2 Bg7 6. 0-0 0-0 7. a3 Nc6 8. c4 Nb6 9. Be3 e5 10. d5 Ne7 11. Nc3 Nf5 12. Bc5 Re8 13. Ne4 Nd6 14. Nxd6 cxd6 15. Be3 Bd7 16. Qd2 Rc8 17. Rac1 f5 18. Bh6 Qf6 19. Bxg7 Kxg7 20. b4 Na4 21. Bd1 b6 22. Bxa4 Bxa4 23. b5 e4 24. Nd4 a6 25. Ne6+ Kf7 26. Qb4 axb5 27. cxb5 Bc2 28. Qxd6 f4 29. Qxb6 f3 30. gxf3 exf3 31. Qe3 Rc3 32. Qd4 Rxe6 33. dxe6+ Qxe6 34. Qf4+ Kg8 35. Rfe1 Qd7 36. b6 Qh3 37. Re8+ Kg7 38. Qf8# 1-0

[Event "Havana Province-ch U14"]
[Site "Havana"]
[Date "2010.04.06"]
[Round "12"]
[White "Falcon Naranjo, Carlos Alejandro"]
[Black "Girones Barrios, Yans Richard"]
[Result "0-1"]
[WhiteElo "2006"]
[BlackElo "2176"]
[PlyCount "86"]
[EventDate "2010.03.21"]
[EventType "tourn"]
[EventRounds "13"]
[EventCountry "CUB"]
[EventCategory "1"]
[SourceTitle "EXT 2012"]
[Source "ChessBase"]
[SourceDate "2011.11.24"]
[SourceVersion "1"]
[SourceVersionDate "2011.11.24"]
[SourceQuality "1"]

1. e4 e5 2. Nf3 Nf6 3. Bc4 Nc6 4. d3 Bc5 5. Be3 Bxe3 6. fxe3 d6 7. Nc3 0-0 8. 0-0 Ne7 9. Qe1 Ng6 10. Nh4 c6 11. Nxg6 hxg6 12. Qg3 d5 13. exd5 cxd5 14. Bb3 Re8 15. e4 Be6 16. exd5 Nxd5 17. Nxd5 Bxd5 18. Bxd5 Qxd5 19. Qf3 Qd4+ 20. Qf2 Qd7 21. Rae1 f5 22. Kh1 Rac8 23. Re2 b6 24. Rfe1 Qd6 25. Qg3 Rc5 26. c3 Rd5 27. d4 e4 28. Qxd6 Rxd6 29. Kg1 Kf7 30. Kf2 g5 31. g3 b5 32. Ke3 Rh6 33. Rf1 Ke6 34. Ref2 g6 35. Re2 Kd5 36. Rc1 Reh8 37. Rcc2 Rh3 38. Kd2 Rxh2 39. Kd1 Rh1+ 40. Kd2 f4 41. g4 e3+ 42. Rxe3 fxe3+ 43. Kxe3 R8h3+ 0-1

[Event "Havana Province-ch U14"]
[Site "Havana"]
[Date "2010.04.04"]
[Round "11"]
[White "Apian Medel, Abel"]
[Black "Falcon Naranjo, Carlos Alejandro"]
[Result "1-0"]
[WhiteElo "2090"]
[BlackElo "2006"]
[PlyCount "107"]
[EventDate "2010.03.21"]
[EventType "tourn"]
[EventRounds "13"]
[EventCountry "CUB"]
[EventCategory "1"]
[SourceTitle "EXT 2012"]
[Source "ChessBase"]
[SourceDate "2011.11.24"]
[SourceVersion "1"]
[SourceVersionDate "2011.11.24"]
[SourceQuality "1"]

1. e4 d5 2. exd5 Nf6 3. Nf3 Nxd5 4. Bc4 Nb6 5. Bb3 e6 6. d4 Nc6 7. 0-0 Be7 8. c3 0-0 9. Re1 Bf6 10. Qd3 Nd5 11. Be3 Re8 12. Nbd2 g6 13. Nc4 Nxe3 14. Rxe3 b6 15. Rae1 Qd7 16. d5 Rd8 17. Nfe5 Nxe5 18. Nxe5 Bxe5 19. Rxe5 Bb7 20. Qf3 Bxd5 21. Bxd5 exd5 22. Re7 Qf5 23. Qxf5 gxf5 24. Rxc7 Re8 25. Rxe8+ Rxe8 26. Kf1 a5 27. Rd7 Re5 28. f4 Re4 29. g3 Kg7 30. Rd6 Re6 31. Rxd5 Kg6 32. Kf2 Re4 33. Rb5 Re6 34. a4 f6 35. b4 axb4 36. cxb4 Rc6 37. Ke3 Rd6 38. a5 bxa5 39. Rxa5 Rd1 40. Rc5 Rb1 41. b5 Re1+ 42. Kd2 Rb1 43. Kc2 Rb4 44. Kc3 Rb1 45. Kc4 Rd1 46. b6 Rb1 47. Rb5 Rc1+ 48. Kd5 Kf7 49. b7 Rd1+ 50. Kc6 Rd8 51. Kc7 Re8 52. Rd5 Kg6 53. b8Q Rxb8 54. Kxb8 1-0

[Event "Havana Province-ch U14"]
[Site "Havana"]
[Date "2010.04.01"]
[Round "9"]
[White "Cruz Portuondo, Manuel de Jesus"]
[Black "Falcon Naranjo, Carlos Alejandro"]
[Result "1-0"]
[WhiteElo "2056"]
[BlackElo "2006"]
[PlyCount "107"]
[EventDate "2010.03.21"]
[EventType "tourn"]
[EventRounds "13"]
[EventCountry "CUB"]
[EventCategory "1"]
[SourceTitle "EXT 2012"]
[Source "ChessBase"]
[SourceDate "2011.11.24"]
[SourceVersion "1"]
[SourceVersionDate "2011.11.24"]
[SourceQuality "1"]

1. e4 d5 2. exd5 Nf6 3. c4 e6 4. dxe6 Bxe6 5. d4 Bb4+ 6. Bd2 Qe7 7. Bxb4 Qxb4+ 8. Qd2 Nc6 9. Qxb4 Nxb4 10. Na3 0-0-0 11. Be2 Rxd4 12. Nf3 Nd3+ 13. Kd2 Rdd8 14. Bxd3 Bf5 15. Ne1 Rhe8 16. f3 Rxe1 17. Kxe1 Rxd3 18. Rd1 Rxd1+ 19. Kxd1 Be6 20. Ke2 Nd7 21. Rd1 Nc5 22. b3 c6 23. Rd4 Kc7 24. Nc2 g6 25. Rh4 h5 26. Rd4 Nd7 27. Ne3 Ne5 28. h3 f5 29. c5 Nd7 30. Ra4 a6 31. b4 Ne5 32. f4 Nc4 33. Nxc4 Bxc4+ 34. Ke3 Bd5 35. g3 Kd7 36. Kd4 Ke6 37. Ra3 Kf6 38. h4 Be4 39. Re3 Ke6 40. a4 Kf6 41. Re2 Ke6 42. Kc4 Kf6 43. Rd2 Bd5+ 44. Rxd5 cxd5+ 45. Kxd5 Ke7 46. b5 Kd7 47. c6+ bxc6+ 48. bxc6+ Kc7 49. a5 Kc8 50. Kd6 Kd8 51. c7+ Kc8 52. Kc6 g5 53. hxg5 h4 54. g6 1-0

[Event "Havana Province-ch U14"]
[Site "Havana"]
[Date "2010.03.30"]
[Round "7"]
[White "Interian Rodriguez, Alberto de Dios"]
[Black "Falcon Naranjo, Carlos Alejandro"]
[Result "0-1"]
[WhiteElo "2058"]
[BlackElo "2006"]
[PlyCount "84"]
[EventDate "2010.03.21"]
[EventType "tourn"]
[EventRounds "13"]
[EventCountry "CUB"]
[EventCategory "1"]
[SourceTitle "EXT 2012"]
[Source "ChessBase"]
[SourceDate "2011.11.24"]
[SourceVersion "1"]
[SourceVersionDate "2011.11.24"]
[SourceQuality "1"]

1. e4 d5 2. exd5 Nf6 3. Nf3 Nxd5 4. Nc3 Nxc3 5. bxc3 Nc6 6. Bc4 e6 7. 0-0 Bd6 8. d4 0-0 9. Re1 h6 10. a4 b6 11. Qe2 Bb7 12. Ba3 Qf6 13. Bd3 Ne7 14. Be4 Bxe4 15. Qxe4 Ng6 16. c4 Bxa3 17. Rxa3 Rfe8 18. h3 Qe7 19. Rb3 Qd6 20. h4 c5 21. h5 Ne7 22. dxc5 Qxc5 23. Ne5 Nf5 24. Rd3 Nd6 25. Qg4 Rad8 26. Qf3 Qc7 27. Red1 Rf8 28. Qf4 Nf5 29. Qe4 Rxd3 30. Rxd3 Rd8 31. g3 Rxd3 32. cxd3 Nd6 33. Qf3 Qb7 34. Qe3 Qc7 35. Qf3 Qb7 36. Qf4 Qc7 37. Nf3 Qc5 38. Ne5 Nf5 39. g4 Nd6 40. d4 Qa3 41. Kh2 Qxa4 42. Qf3 b5 0-1